El cultivo industrial de plantas en maceta
Kaydedildi:
| Asıl Yazarlar: | , |
|---|---|
| Materyal Türü: | Kitap |
| Dil: | İspanyolca |
| Baskı/Yayın Bilgisi: |
Barcelona
Ediciones de Horticultura
1990
|
| Konular: | |
| Etiketler: |
Etiketle
Etiket eklenmemiş, İlk siz ekleyin!
|
MARC
| LEADER | 00000nam a2200000 a 4500 | ||
|---|---|---|---|
| 001 | UCZ1826 | ||
| 003 | CL-VaPUC | ||
| 008 | 950907e19901100SP |||||||||||||||||spa|d | ||
| 082 | 0 | 4 | |a 635.986 |b JIM |2 21 |
| 100 | 0 | |a Jiménez Mejías, Rafael |e author |9 345446 | |
| 700 | 0 | |a Caballero Ruano, Manuel |e author |9 345447 | |
| 245 | 1 | 3 | |a El cultivo industrial de plantas en maceta |
| 300 | |a 664 p | ||
| 942 | |c BK | ||
| 945 | |d 19950907 00:00:00 |a awong | ||
| 260 | |a Barcelona |b Ediciones de Horticultura |c 1990 | ||
| 650 | 7 | |a PLANTAS DE MACETAS |2 CL-VaPUC |9 345448 | |
| 650 | 0 | |a Cultivos de invernadero |9 345449 | |
| 650 | 0 | |a Horticultura |9 259721 | |
| 650 | 0 | |a Plantas ornamentales |9 345450 | |
| 650 | 0 | |a Plantas de valor económico |9 345451 | |
| 651 | 0 | |a España |9 254926 | |
| 583 | |a last modification |c 19950907 00:00:00 |k Rodrigo Vera | ||
| 999 | |c 238517 |d 238515 | ||